| 000 | 00000nam 2200000zi 4500 |
| 001 | 9.947508 |
| 003 | CaOODSP |
| 005 | 20250131153608 |
| 006 | m o d f |
| 007 | cr bn||||||||| |
| 008 | 250129e197909 onco o f000 0 eng d |
| 040 | |aCaOODSP|beng|erda|cCaOODSP |
| 043 | |an-cn--- |
| 086 | 1 |aDR52-19/14-1979E-PDF |
| 100 | 1 |aLeben, D. F., |eauthor. |
| 245 | 10|aEvaluation of UK PQ oxygen mask for use in CF aircraft / |cD.F. Leben. |
| 264 | 1|aDownsview, Ontario : |bDefence and Civil Institute of Environmental Medicine, MLSD Division : |bDepartment of National Defence, Canada, |cSeptember 1979. |
| 300 | |a1 online resource (iii, 27 pages) : |bphotographs. |
| 336 | |atext|btxt|2rdacontent |
| 337 | |acomputer|bc|2rdamedia |
| 338 | |aonline resource|bcr|2rdacarrier |
| 490 | 1 |aDCIEM report ; |vno. 79-R-39 |
| 500 | |aDigitized edition from print [produced by Defence R&D Canada]. |
| 650 | 0|aAirplanes|zCanada|xOxygen equipment|xEvaluation. |
| 650 | 0|aBreathing apparatus|zCanada|xEvaluation. |
| 650 | 0|aFlying helmets|zCanada. |
| 650 | 6|aAvions|zCanada|xÉquipement d'oxygène|xÉvaluation. |
| 650 | 6|aRespirateurs|zCanada|xÉvaluation. |
| 650 | 6|aCasques d'aviateur|zCanada. |
| 710 | 2 |aDefence and Civil Institute of Environmental Medicine (Canada), |eissuing body. |
| 710 | 1 |aCanada. |bDepartment of National Defence, |eissuing body. |
| 830 | #0|aDCIEM report ;|vno. 79-R-39.|w(CaOODSP)9.941842 |
| 856 | 40|qPDF|s3.79 MB|uhttps://publications.gc.ca/collections/collection_2025/rddc-drdc/DR52-19-14-1979-eng.pdf |